00313pab a2200121 454500008004000000100002400040245004900064260000900113300001200122362000900134650001400143773003400157180718b1988 xxu||||| |||| 00| 0 eng d aGreenley, Gordon E. aManagerial perceptions of marketing planning c1988 a575-601 aNov. aMarketing aJournal of Management Studies